METZENGERSTEIN (Record n. 106318)
[ formato base ]
| 000 -LEADER | |
|---|---|
| fixed length control field | 01672agaaa2200313 4500 |
| 001 - CONTROL NUMBER | |
| control field | 9018 |
| 003 - CONTROL NUMBER IDENTIFIER | |
| control field | IT-RoPAU |
| 005 - DATE AND TIME OF LATEST TRANSACTION | |
| control field | 20220918181244.0 |
| 007 - PHYSICAL DESCRIPTION FIXED FIELD--GENERAL INFORMATION | |
| fixed length control field | d cvaizq |
| 008 - FIXED-LENGTH DATA ELEMENTS--GENERAL INFORMATION | |
| fixed length control field | 50131s9999||||xx ||| | || ||und|| |
| 040 ## - CATALOGING SOURCE | |
| Original cataloging agency | IT-RoPAU |
| Transcribing agency | IT-RoPAU |
| 041 ## - LANGUAGE CODE | |
| Language code of text/sound track or separate title | ITALIANO |
| 100 ## - MAIN ENTRY--PERSONAL NAME | |
| Personal name | Vadim Roger |
| Miscellaneous information | Codice regista SPICS: 227 |
| 9 (RLIN) | 38844 |
| 130 ## - MAIN ENTRY--UNIFORM TITLE | |
| Uniform title | METZENGERSTEIN |
| 9 (RLIN) | 46235 |
| 245 ## - TITLE STATEMENT | |
| Title | METZENGERSTEIN |
| Statement of responsibility, etc. | Prodotto da: Grimaldi Alberto -- Sceneggiatura: Vadim Roger Cousin Pascal Boulanger Daniel -- Diretto da: Vadim Roger |
| Name of part/section of a work | TRE PASSI NEL DELIRIO (Rif. Codice opera principale : 21539) |
| 250 ## - EDITION STATEMENT | |
| Edition statement | Edizione Standard |
| 260 ## - PUBLICATION, DISTRIBUTION, ETC. (IMPRINT) | |
| Place of publication, distribution, etc. | ROMA - PARIGI (ITALIA) |
| Name of publisher, distributor, etc. | EUROPEE ASS. - MARCEAU - COCINOR / Distribuzione: RAI |
| Date of manufacture | "1968 (1° ed.: 1982 ; Ed. Lingua Orig.: 1968)" |
| 300 ## - PHYSICAL DESCRIPTION | |
| Extent | VHS |
| Other physical details | sonoro, col. |
| Dimensions | 40 minuti |
| 508 ## - CREATION/PRODUCTION CREDITS NOTE | |
| Creation/production credits note | "Fotografia: Renoir Claude; Montaggio: Plemiannikov Helene; Musica: Padromides Jean; Sceneggiatura: Vadim Roger Cousin Pascal Boulanger Daniel; " |
| 511 ## - PARTICIPANT OR PERFORMER NOTE | |
| Participant or performer note | Fonda Jean |
| 520 ## - SUMMARY, ETC. | |
| Summary, etc. | UNA RICCA QUANTO PERVERSA CONTESSA SI INNAMORA DI UN SUO CUGINO CHE LA RESPINGE PER VENDICARSI ESSA FA INCENDIARE LA FATTORIA PROVOCANDO LA MORTE DELL'AMATO DA QUEL MOMENTO VIVE TORMENTATA DA UNA FORMA DI OSCURO RIMORSO E INFINE INFORCATO UN MISTERIOSO CAVALLO NERO MUORE ANCHE LEI TRA LE FIAMME |
| 538 ## - SYSTEM DETAILS NOTE | |
| System details note | PAL, STEREO |
| 546 ## - LANGUAGE NOTE | |
| Language note | ITALIANO |
| 650 ## - SUBJECT ADDED ENTRY--TOPICAL TERM | |
| Topical term or geographic name as entry element | ORRORE |
| Relator term | FILMS [VHS] |
| General subdivision | Codice MATERIA SPICS: 9960 |
| 9 (RLIN) | 46236 |
| 700 ## - ADDED ENTRY--PERSONAL NAME | |
| Personal name | Padromides Jean |
| Relator term | (musica) |
| Miscellaneous information | Codice Musica SPICS: 26179 |
| 9 (RLIN) | 46237 |
| 700 ## - ADDED ENTRY--PERSONAL NAME | |
| Personal name | Poe Allan Edgar |
| Relator term | (soggetto) |
| Miscellaneous information | Codice Soggetto SPICS: 2471 |
| 9 (RLIN) | 46238 |
| 700 ## - ADDED ENTRY--PERSONAL NAME | |
| Personal name | Vadim Roger |
| Relator term | (regista) |
| Miscellaneous information | Codice regista SPICS: 227 |
| 9 (RLIN) | 38844 |
| 942 ## - ADDED ENTRY ELEMENTS (KOHA) | |
| Koha item type | VHS - VIDEO |
| Source of classification or shelving scheme | Dewey Decimal Classification |
| Withdrawn status | Lost status | Damaged status | Not for loan | Home library | Current library | Date acquired | Total Checkouts | Full call number | Date last seen | Price effective from | Koha item type | Public note |
|---|---|---|---|---|---|---|---|---|---|---|---|---|
| Buone Condizioni | Not For Loan | SPICS-MEDIATECA | SPICS-MEDIATECA | 31/01/2015 | 29018 | 31/01/2015 | 31/01/2015 | VHS - VIDEO | Progr. Ins.: 1725 / N.Vol.:0 / Copie: 1 / Pag.: / Copia rara: NO / date import: 1.2.2015 / By Epidotti, Trombetti, Vaglietti |